Statistics for Biggest Cities in Arkansas (Extreme)

Click here to take the quiz!

General Stats

  • This quiz has been taken 102 times
  • The average score is 56 of 198

Answer Stats

PopulationCity% Correct
202,591Little Rock
100%
64,134Conway
94%
93,949Fayetteville
94%
89,142Fort Smith
94%
37,930Hot Springs
94%
78,576Jonesboro
88%
35,014Benton
82%
64,591North Little Rock
82%
84,161Springdale
82%
54,164Bentonville
76%
41,253Pine Bluff
76%
24,520West Memphis
76%
10,380Arkadelphia
71%
8,952Hope
71%
69,908Rogers
71%
29,387Texarkana
71%
29,537Paragould
65%
17,756El Dorado
59%
13,069Harrison
59%
29,477Jacksonville
59%
22,937Searcy
59%
28,940Russellville
53%
11,162Magnolia
47%
12,825Mountain Home
47%
8,264Stuttgart
47%
11,191Batesville
41%
30,104Bella Vista
41%
13,406Blytheville
41%
26,569Cabot
41%
2,509Clinton
41%
13,015Forrest City
41%
10,867 Malvern
41%
19,251Maumelle
41%
8,442Monticello
41%
8,005Newport
41%
32,731Sherwood
41%
23,218Van Buren
41%
8,437Beebe
35%
20,663Bryant
35%
10,612Camden
35%
17,792Centerton
35%
4,822Crossett
35%
7,137East End
35%
7,584Farmington
35%
9,516Greenwood
35%
9,839Lowell
35%
13,752Marion
35%
17,287Siloam Springs
35%
4,301Tontitown
35%
8,314Wynne
35%
5,825Alma
29%
1,137Ash Flat
29%
2,522Bald Knob
29%
5,682Berryville
29%
3,809Booneville
29%
9,381Clarksville
29%
6,105De Queen
29%
3,056DeWitt
29%
4,001Dumas
29%
2,166Eureka Springs
29%
3,547Gravette
29%
5,707Greenbrier
29%
2,212Harrisburg
29%
6,969Heber Springs
29%
15,861Hot Springs Village
29%
2,879Huntsville
29%
3,609Johnson
29%
3,585Landmark
29%
4,276Lonoke
29%
5,589Mena
29%
6,992Morrilton
29%
6,976Osceola
29%
3,542Ozark
29%
3,176Paris
29%
6,559Pea Ridge
29%
7,371Pocahontas
29%
3,101Prescott
29%
1,566 | 2,544Salem
29%
2,173Star City
29%
4,288Vilonia
29%
5,384Walnut Ridge
29%
5,453Warren
29%
4,261Ashdown
24%
2,859Atkins
24%
3,460Austin
24%
2,700Brinkley
24%
2,033Carlisle
24%
1,224Diaz
24%
1,345Flippin
24%
3,790Gentry
24%
2,536Hamburg
24%
3,956Haskell
24%
2,065Lake Village
24%
2,294Lincoln
24%
1,053Mansfield
24%
1,984Mayflower
24%
3,849McGehee
24%
2,877Mountain View
24%
1,495 Murfreesboro
24%
4,153Nashville
24%
5,238Piney
24%
7,045Prairie Grove
24%
4,548Rockwell
24%
4,920Sheridan
24%
7,399Trumann
24%
3,386Waldron
24%
6,052Ward
24%
2,331West Fork
24%
5,581White Hall
24%
1,178Yellville
24%
3,385Alexander
18%
1,998Augusta
18%
4,782Barling
18%
1,876Bay
18%
3,015Bethel Heights
18%
2,409Bono
18%
1,952Bull Shoals
18%
1,133Caraway
18%
1,424Cedarville
18%
2,588Charleston
18%
1,526Clarendon
18%
2,028Danville
18%
4,517Dardanelle
18%
1,773Decatur
18%
2,021Dermott
18%
1,905Des Arc
18%
1,831Earle
18%
2,361Elm Springs
18%
1,728Eudora
18%
3,396Fordyce
18%
2,171Gassville
18%
2,068Glenwood
18%
2,910Gosnell
18%
2,972Green Forest
18%
1,213Greenland
18%
1,840Gurdon
18%
1,481Hazen
18%
9,519Helena-West Helena
18%
1,056Hughes
18%
1,854Judsonia
18%
1,719Lamar
18%
2,450Lavaca
18%
1,732Lepanto
18%
3,682Manila
18%
3,575Marianna
18%
2,286Marked Tree
18%
1,329Marshall
18%
1,447McAlmont
18%
1,583McCrory
18%
1,036Midway
18%
1,506Monette
18%
1,543Mulberry
18%
1,180Newark
18%
2,756North Crossett
18%
1,373Perryville
18%
3,140Pottsville
18%
2,217Prairie Creek
18%
1,505Redfield
18%
1,630Smackover
18%
1,258Stamps
18%
1,151Waldo
18%
1,144West Crossett
18%
4,064Brookland
12%
1,922Cave City
12%
5,495Cave Springs
12%
3,227Corning
12%
3,602Elkins
12%
2,477England
12%
2,108Fairfield Bay
12%
4,111Gibson
12%
1,181Hampton
12%
1,587Highfill
12%
2,440Horseshoe Bend
12%
2,598Hoxie
12%
1,400Kensett
12%
2,326Lake City
12%
2,084Lake Hamilton
12%
3,055Little Flock
12%
1,830Melbourne
12%
1,085Mineral Springs
12%
3,622Piggott
12%
1,032Sulphur Springs
12%
1,707Tuckerman
12%
1,325Avilla
6%
4,780Cherokee Village
6%
1,337Dover
6%
2,102Goshen
6%
2,533Holiday Island
6%
1,005Kibler
6%
2,039Leachville
6%
1,212Marmaduke
6%
1,104Oak Grove Heights
6%
1,862Rector
6%
4,490Shannon Hills
6%
4,279Southside
6%
1,542Wrightsville
6%
1,042Wooster
0%

Score Distribution

Percentile by Number Answered

Percent of People with Each Score

Your Score History

You have not taken this quiz